Statistics for The Heidelberg Quiz

Click here to take the quiz!

General Stats

  • This quiz has been taken 83 times
    (81 since last reset)
  • The average score is 8 of 24

Answer Stats

HintAnswer% Correct
River that flows through the cityNeckar
97%
German state in which the city residesBaden-Württemberg
95%
Nearest large cityMannheim
92%
Name of the hill/mountain on which it standsKönigstuhl
44%
Well-known walking path across the river from the castlePhilosophenweg (Philosopher's Way)
42%
Who destroyed much of the castle in 1693?The French
41%
Germany's oldest institution of higher learningHeidelberg University
37%
Hill across the river, opposite the castleHeiligenberg
29%
Forest that covers that hill (and extends much further)Odenwald
29%
Operetta performed annually at the castleThe Student Prince
29%
Amphitheatre on that hill that hosted Nazi/SS eventsThingstätte
29%
Remains found nearby, earliest evidence of human life in EuropeHomo Heidelbergensis (Heidelberg Man)
27%
Johann Wolfgang von Goethe
27%
Patrick Henry Village
25%
Largest downtown religious edificeHeiliggeistkirche (Church of the Holy Spirit)
22%
Famous 19th century visitors to the cityMark Twain
19%
There is a statue of this famous chemist downtownRobert Bunsen
19%
Famous general who died in the American hospital in 1945General George S. Patton
15%
Renowned research facilities close to ^Max Planck Institute
14%
Style of much of the city's downtown architectureBaroque
12%
Former American housing areas named after famous AmericansMark Twain Village
12%
Famous actor born hereMichael Fassbender
10%
Famous musician born hereJackson Browne
3%
Victor Hugo
0%

Score Distribution

Percentile by Number Answered

Percent of People with Each Score

Your Score History

You have not taken this quiz since the last reset